Islam and Revolution in the Middle East (Record no. 9493)

MARC details
000 -LEADER
fixed length control field 00691nam a2200265 a 4500
020 ## - INTERNATIONAL STANDARD BOOK NUMBER
ISBN 0300049
082 00 - DEWEY DECIMAL CLASSIFICATION NUMBER
Classification number 297.1977
Author Cutter MUN
100 ## - MAIN ENTRY--AUTHOR NAME
Author name Munson, Henry Jr
245 ## - TITLE STATEMENT
Title Islam and Revolution in the Middle East
260 ## - PUBLICATION, DISTRIBUTION, ETC. (IMPRINT)
Place of publication New Haven
Name of publisher Yale University Press
Year of publication 1988
300 ## - PHYSICAL DESCRIPTION
Number of Pages 180p
500 ## - GENERAL NOTE
General note includes index and biblioraphy
505 2# - FORMATTED CONTENTS NOTE
Formatted contents note Index
650 ## - SUBJECT ADDED ENTRY--TOPICAL TERM
Topical Term Islam and Politics
650 ## - SUBJECT ADDED ENTRY--TOPICAL TERM
Topical Term Middle East-Politics and Government
650 ## - SUBJECT ADDED ENTRY--TOPICAL TERM
Topical Term Shiah-Iran
942 ## - ADDED ENTRY ELEMENTS (KOHA)
Koha item type Books
700 1# -
-- Munson, Henry Jr
Holdings
Collection code Home library Current library Date acquired Cost, normal purchase price Full call number Accession Number Koha item type
  Henry Martyn Institute Library Henry Martyn Institute Library 07/03/2007 75.00 297.1977 MUN 015287 Books
                   Copyright © 2026 | Henry Martyn Institute | Hyderabad | TS-500052 | INDIA | Implemented by hmi.edu.in
Hit-Count:

Powered by Koha